000
00341pab a2200145 454500
008
180718b2004 xxu||||| |||| 00| 0 eng d
100
_a
Aggarwal, Surabhi
245
_a
Women's resistance - a review of literature
260
_c
2004
300
_a
p.16-33.
362
_a
Sep
650
_a
Women
773
_a
Social Change
909
_a
64608
999
_c
64608
_d
64608